Mots commençant par "cha" - Statistiques

Statistiques générales
  • Ce quiz a été pris 813 fois
  • Le résultat moyen est 10 sur 15
Statistiques - réponses
Hint Réponse % Correct
Couvre-chef Chapeau
97%
Choriste Chanteur
92%
Piaule Chambre
87%
Guimauve Chamallow
82%
Caddie Chariot
78%
Braconnier Chasseur
78%
Boucherie Charcuterie
75%
Echarpe Châle
73%
Cirque Chapiteau
70%
Maillon Chaîne
66%
Vautour Charognard
62%
Par-dessus maillot Chasuble
38%
Temple Chapelle
31%
Partie Chapitre
21%
Sournois Chafouin
13%
Aucun quiz correspondant
Distribution des résultats
% des personnes avec chaque résultat
Percentile par nombre de réponses
Votre historique - résultats
Vous n’avez pas pris ce quiz